<?xml version="1.0" encoding="UTF-8"?>
<record
    xmlns:xsi="http://www.w3.org/2001/XMLSchema-instance"
    xsi:schemaLocation="http://www.loc.gov/MARC21/slim http://www.loc.gov/standards/marcxml/schema/MARC21slim.xsd"
    xmlns="http://www.loc.gov/MARC21/slim">

  <leader>00418nam a2200169   4500</leader>
  <controlfield tag="003">OSt</controlfield>
  <controlfield tag="008">250122b        |||||||| |||| 00| 0 eng d</controlfield>
  <datafield tag="020" ind1=" " ind2=" ">
    <subfield code="a">9789355519139</subfield>
  </datafield>
  <datafield tag="082" ind1=" " ind2=" ">
    <subfield code="a">006.3</subfield>
    <subfield code="b">RAB</subfield>
  </datafield>
  <datafield tag="100" ind1=" " ind2=" ">
    <subfield code="a">RAMHORRY, Yattish</subfield>
  </datafield>
  <datafield tag="245" ind1=" " ind2=" ">
    <subfield code="a">Building Intelligent Application with Generative AI</subfield>
  </datafield>
  <datafield tag="250" ind1=" " ind2=" ">
    <subfield code="a">3rd</subfield>
    <subfield code="b">Rep.</subfield>
  </datafield>
  <datafield tag="260" ind1=" " ind2=" ">
    <subfield code="b">BPB Publication</subfield>
    <subfield code="c">2025</subfield>
  </datafield>
  <datafield tag="300" ind1=" " ind2=" ">
    <subfield code="a">248</subfield>
  </datafield>
  <datafield tag="650" ind1=" " ind2=" ">
    <subfield code="a">B Tech CSE</subfield>
  </datafield>
  <datafield tag="942" ind1=" " ind2=" ">
    <subfield code="2">ddc</subfield>
    <subfield code="c">BK</subfield>
  </datafield>
  <datafield tag="999" ind1=" " ind2=" ">
    <subfield code="c">13001</subfield>
    <subfield code="d">13001</subfield>
  </datafield>
  <datafield tag="952" ind1=" " ind2=" ">
    <subfield code="0">0</subfield>
    <subfield code="1">0</subfield>
    <subfield code="2">ddc</subfield>
    <subfield code="4">0</subfield>
    <subfield code="7">0</subfield>
    <subfield code="8">BTECHCSE</subfield>
    <subfield code="a">PIET</subfield>
    <subfield code="b">PIET</subfield>
    <subfield code="d">2024-09-24</subfield>
    <subfield code="e">Shop Your Books</subfield>
    <subfield code="f">INR</subfield>
    <subfield code="g">999.00</subfield>
    <subfield code="k">IN-4</subfield>
    <subfield code="l">0</subfield>
    <subfield code="o">006.3 RAB</subfield>
    <subfield code="p">38556</subfield>
    <subfield code="r">2025-01-22 00:00:00</subfield>
    <subfield code="v">759.00</subfield>
    <subfield code="w">2024-09-24</subfield>
    <subfield code="y">REF</subfield>
    <subfield code="z">Decentralization</subfield>
  </datafield>
  <datafield tag="952" ind1=" " ind2=" ">
    <subfield code="0">0</subfield>
    <subfield code="1">0</subfield>
    <subfield code="2">ddc</subfield>
    <subfield code="4">0</subfield>
    <subfield code="7">0</subfield>
    <subfield code="8">BTECHCSE</subfield>
    <subfield code="a">PIET</subfield>
    <subfield code="b">PIET</subfield>
    <subfield code="d">2024-09-24</subfield>
    <subfield code="e">Shop Your Books</subfield>
    <subfield code="f">INR</subfield>
    <subfield code="g">999.00</subfield>
    <subfield code="k">IN-4</subfield>
    <subfield code="l">0</subfield>
    <subfield code="o">006.3 RAB</subfield>
    <subfield code="p">38557</subfield>
    <subfield code="r">2025-01-22 00:00:00</subfield>
    <subfield code="v">759.00</subfield>
    <subfield code="w">2024-09-24</subfield>
    <subfield code="y">BK</subfield>
    <subfield code="z">Decentralization</subfield>
  </datafield>
  <datafield tag="952" ind1=" " ind2=" ">
    <subfield code="0">0</subfield>
    <subfield code="1">0</subfield>
    <subfield code="2">ddc</subfield>
    <subfield code="4">0</subfield>
    <subfield code="7">0</subfield>
    <subfield code="8">CSEAIDS</subfield>
    <subfield code="a">PIET</subfield>
    <subfield code="b">PIET</subfield>
    <subfield code="d">2024-08-20</subfield>
    <subfield code="e">Shop Your Books</subfield>
    <subfield code="f">INR</subfield>
    <subfield code="g">999.00</subfield>
    <subfield code="k">IN3</subfield>
    <subfield code="l">1</subfield>
    <subfield code="o">006.3 RAB</subfield>
    <subfield code="p">38571</subfield>
    <subfield code="r">2025-04-22 00:00:00</subfield>
    <subfield code="s">2025-04-09</subfield>
    <subfield code="v">760.00</subfield>
    <subfield code="w">2024-08-20</subfield>
    <subfield code="y">BK</subfield>
    <subfield code="z">Decentralization</subfield>
  </datafield>
  <datafield tag="952" ind1=" " ind2=" ">
    <subfield code="0">0</subfield>
    <subfield code="1">0</subfield>
    <subfield code="2">ddc</subfield>
    <subfield code="4">0</subfield>
    <subfield code="7">0</subfield>
    <subfield code="8">BTECHCSE</subfield>
    <subfield code="a">PIET</subfield>
    <subfield code="b">PIET</subfield>
    <subfield code="d">2024-10-15</subfield>
    <subfield code="e">MK Books</subfield>
    <subfield code="f">INR</subfield>
    <subfield code="g">999.00</subfield>
    <subfield code="k">IN5</subfield>
    <subfield code="l">0</subfield>
    <subfield code="o">006.3 RAB</subfield>
    <subfield code="p">38590</subfield>
    <subfield code="r">2025-01-24 00:00:00</subfield>
    <subfield code="v">759.00</subfield>
    <subfield code="w">2024-10-15</subfield>
    <subfield code="y">BK</subfield>
    <subfield code="z">Decentralization</subfield>
  </datafield>
  <datafield tag="952" ind1=" " ind2=" ">
    <subfield code="0">0</subfield>
    <subfield code="1">0</subfield>
    <subfield code="2">ddc</subfield>
    <subfield code="4">0</subfield>
    <subfield code="7">0</subfield>
    <subfield code="8">BTECHCSE</subfield>
    <subfield code="a">PIET</subfield>
    <subfield code="b">PIET</subfield>
    <subfield code="d">2024-10-15</subfield>
    <subfield code="e">MK Books</subfield>
    <subfield code="f">INR</subfield>
    <subfield code="g">999.00</subfield>
    <subfield code="k">IN5</subfield>
    <subfield code="l">0</subfield>
    <subfield code="o">006.3 RAB</subfield>
    <subfield code="p">38591</subfield>
    <subfield code="r">2025-01-24 00:00:00</subfield>
    <subfield code="v">759.00</subfield>
    <subfield code="w">2024-10-15</subfield>
    <subfield code="y">BK</subfield>
    <subfield code="z">Decentralization</subfield>
  </datafield>
  <datafield tag="952" ind1=" " ind2=" ">
    <subfield code="0">0</subfield>
    <subfield code="1">0</subfield>
    <subfield code="2">ddc</subfield>
    <subfield code="4">0</subfield>
    <subfield code="7">0</subfield>
    <subfield code="8">BTECHCSE</subfield>
    <subfield code="a">PIET</subfield>
    <subfield code="b">PIET</subfield>
    <subfield code="d">2025-04-11</subfield>
    <subfield code="e">Zaffa Books</subfield>
    <subfield code="f">INR</subfield>
    <subfield code="g">999.00</subfield>
    <subfield code="k">ZBD0033</subfield>
    <subfield code="l">0</subfield>
    <subfield code="o">006.3 RAB</subfield>
    <subfield code="p">39211</subfield>
    <subfield code="r">2025-04-18 00:00:00</subfield>
    <subfield code="v">729.27</subfield>
    <subfield code="w">2025-04-11</subfield>
    <subfield code="y">BK</subfield>
  </datafield>
  <datafield tag="952" ind1=" " ind2=" ">
    <subfield code="0">0</subfield>
    <subfield code="1">0</subfield>
    <subfield code="2">ddc</subfield>
    <subfield code="4">0</subfield>
    <subfield code="7">0</subfield>
    <subfield code="8">BTECHCSE</subfield>
    <subfield code="a">PIET</subfield>
    <subfield code="b">PIET</subfield>
    <subfield code="d">2025-04-11</subfield>
    <subfield code="e">Zaffa Books</subfield>
    <subfield code="f">INR</subfield>
    <subfield code="g">999.00</subfield>
    <subfield code="k">ZBD0033</subfield>
    <subfield code="l">0</subfield>
    <subfield code="o">006.3 RAB</subfield>
    <subfield code="p">39212</subfield>
    <subfield code="r">2025-04-18 00:00:00</subfield>
    <subfield code="v">729.27</subfield>
    <subfield code="w">2025-04-11</subfield>
    <subfield code="y">BK</subfield>
  </datafield>
  <datafield tag="952" ind1=" " ind2=" ">
    <subfield code="0">0</subfield>
    <subfield code="1">0</subfield>
    <subfield code="2">ddc</subfield>
    <subfield code="4">0</subfield>
    <subfield code="7">0</subfield>
    <subfield code="8">BTECHCSE</subfield>
    <subfield code="a">PIET</subfield>
    <subfield code="b">PIET</subfield>
    <subfield code="d">2025-04-11</subfield>
    <subfield code="e">Zaffa Books</subfield>
    <subfield code="f">INR</subfield>
    <subfield code="g">999.00</subfield>
    <subfield code="k">ZBD0033</subfield>
    <subfield code="l">0</subfield>
    <subfield code="o">006.3 RAB</subfield>
    <subfield code="p">39213</subfield>
    <subfield code="r">2025-04-18 00:00:00</subfield>
    <subfield code="v">729.27</subfield>
    <subfield code="w">2025-04-11</subfield>
    <subfield code="y">BK</subfield>
  </datafield>
  <datafield tag="952" ind1=" " ind2=" ">
    <subfield code="0">0</subfield>
    <subfield code="1">0</subfield>
    <subfield code="2">ddc</subfield>
    <subfield code="4">0</subfield>
    <subfield code="7">0</subfield>
    <subfield code="8">BTECHCSE</subfield>
    <subfield code="a">PIET</subfield>
    <subfield code="b">PIET</subfield>
    <subfield code="d">2025-04-11</subfield>
    <subfield code="e">Zaffa Books</subfield>
    <subfield code="f">INR</subfield>
    <subfield code="g">999.00</subfield>
    <subfield code="k">ZBD0033</subfield>
    <subfield code="l">0</subfield>
    <subfield code="o">006.3 RAB</subfield>
    <subfield code="p">39214</subfield>
    <subfield code="r">2025-04-18 00:00:00</subfield>
    <subfield code="v">729.27</subfield>
    <subfield code="w">2025-04-11</subfield>
    <subfield code="y">BK</subfield>
  </datafield>
  <datafield tag="952" ind1=" " ind2=" ">
    <subfield code="0">0</subfield>
    <subfield code="1">0</subfield>
    <subfield code="2">ddc</subfield>
    <subfield code="4">0</subfield>
    <subfield code="7">0</subfield>
    <subfield code="8">BTECHCSE</subfield>
    <subfield code="a">PIET</subfield>
    <subfield code="b">PIET</subfield>
    <subfield code="d">2025-04-11</subfield>
    <subfield code="e">Zaffa Books</subfield>
    <subfield code="f">INR</subfield>
    <subfield code="g">999.00</subfield>
    <subfield code="k">ZBD0033</subfield>
    <subfield code="l">1</subfield>
    <subfield code="o">006.3 RAB</subfield>
    <subfield code="p">39215</subfield>
    <subfield code="r">2025-10-09 00:00:00</subfield>
    <subfield code="s">2025-09-25</subfield>
    <subfield code="v">729.27</subfield>
    <subfield code="w">2025-04-11</subfield>
    <subfield code="y">BK</subfield>
  </datafield>
</record>
